000 00471nam a22001817a 4500
003 OSt
005 20250822121827.0
008 230816b |||||||| |||| 00| 0 eng d
020 _a9966773797
040 _cChuka University Library
050 _aPL 8704
_b.C43 1991
100 _aChachage,C.S.L.
_911989
245 _aAlmasi za bandia
260 _aNairobi
_bVide-Muwa Publishers
_c1991
300 _a154p
650 _aSwahili--fiction
_911990
942 _2lcc
_cBK
_n0
_03
999 _c15209
_d15209